| 000 | 00660nam a2200217 a 4500 | ||
|---|---|---|---|
| 001 | 45183 | ||
| 003 | BD-RjUL | ||
| 005 | 20211209053956.0 | ||
| 008 | 160724s1953 nju 000 0 eng | ||
| 035 | _a(BD-RjUL)45301 | ||
| 040 |
_aDLC _cMBNU _dUk _dOCoLC _dDLC _dBD-RjUL _beng |
||
| 041 | _aeng | ||
| 082 |
_223 _a341.082 _bPLI 1953 |
||
| 100 | 1 |
_aPlischke, Elmer, _d1914- _9138413 |
|
| 245 | 1 | 0 |
_aInternational relations : _bbasic documents / _cElmer Plischke |
| 260 |
_aNew York : _bVan Nostrand company, _c1953 |
||
| 300 |
_axii, 194 p. : _bill. ; _c26 cm. |
||
| 500 | _aIncludes Index | ||
| 650 | 0 |
_aInternational relations _xSources. _9128940 |
|
| 942 |
_2ddc _cBK |
||
| 999 |
_c45183 _d45183 |
||